[Event "DEM U14 2021"]
[Site "Willingen GER"]
[Date "2021.08.26"]
[Round "5"]
[White "Schwartz, Oliver"]
[Black "Ensslinger, Colin"]
[Result "0-1"]
[Termination "normal"]
[Board "17"]
[WhiteElo "1896"]
[BlackElo "1729"]
[WhiteClock "00:00:40"]
[BlackClock "00:42:36"]
[PlyCount "136"]
[WhiteFideId "16207459"]
[BlackFideId "16226011"]
[EventCountry "GER"]
[EventRounds "9"]
[EventType "swiss"]
[EventDate "2021.08.22"]

1. d4 {[%clk 1:30:56]} Nf6 {[%clk 1:30:56]} 2. c4 {[%clk 1:31:03]} e6 {[%clk
1:31:21]} 3. Nf3 {[%clk 1:30:54]} b6 {[%clk 1:31:46]} 4. g3 {[%clk 1:31:00]}
Ba6 {[%clk 1:32:11]} 5. Qc2 {[%clk 1:31:05]} c5 {[%clk 1:32:35]} 6. Bg2 {[%clk
1:25:34]} Nc6 {[%clk 1:29:58]} 7. d5 {[%clk 1:07:25]} exd5 {[%clk 1:27:53]} 8.
cxd5 {[%clk 1:07:45]} Nxd5 {[%clk 1:28:14]} 9. O-O {[%clk 1:05:03]} Be7 {[%clk
1:21:46]} 10. Rd1 {[%clk 1:02:43]} Bb7 {[%clk 1:18:28]} 11. Qa4 {[%clk
1:00:49]} Nf6 {[%clk 1:15:31]} 12. Nh4 {[%clk 0:58:04]} O-O {[%clk 1:11:50]}
13. Nf5 {[%clk 0:56:03]} Rc8 {[%clk 1:04:57]} 14. Nc3 {[%clk 0:52:32]} a6
{[%clk 0:45:44]} 15. Ne4 {[%clk 0:46:33]} b5 {[%clk 0:43:46]} 16. Nxf6+ {[%clk
0:40:34]} Bxf6 {[%clk 0:44:08]} 17. Qf4 {[%clk 0:39:16]} Nd4 {[%clk 0:41:57]}
18. Nxd4 Bxg2 {[%clk 0:42:20]} 19. Nxb5 {[%clk 0:32:29]} axb5 {[%clk 0:42:44]}
20. Kxg2 {[%clk 0:32:51]} d5 21. Qf5 {[%clk 0:30:14]} d4 {[%clk 0:39:08]} 22.
Bf4 {[%clk 0:23:40]} g6 {[%clk 0:37:41]} 23. Qg4 {[%clk 0:21:51]} Re8 {[%clk
0:33:27]} 24. h4 {[%clk 0:15:16]} Qd5+ {[%clk 0:30:14]} 25. Qf3 {[%clk
0:15:24]} Qe6 {[%clk 0:30:30]} 26. Rd2 {[%clk 0:10:48]} c4 {[%clk 0:30:14]} 27.
Bg5 {[%clk 0:07:11]} Bg7 {[%clk 0:28:19]} 28. Rc2 {[%clk 0:04:31]} h6 {[%clk
0:27:38]} 29. Bf4 {[%clk 0:04:11]} g5 {[%clk 0:26:38]} 30. hxg5 {[%clk
0:03:58]} hxg5 {[%clk 0:27:02]} 31. Bxg5 {[%clk 0:04:04]} Qg6 {[%clk 0:27:24]}
32. Rcc1 {[%clk 0:02:51]} Qxg5 {[%clk 0:27:41]} 33. Rh1 {[%clk 0:03:01]} c3
{[%clk 0:26:30]} 34. bxc3 {[%clk 0:03:08]} dxc3 {[%clk 0:26:55]} 35. Rh5 {[%clk
0:03:30]} Qg6 {[%clk 0:27:17]} 36. Rxb5 {[%clk 0:02:41]} c2 {[%clk 0:27:39]}
37. Rc1 {[%clk 0:03:01]} Qh6 {[%clk 0:27:21]} 38. e3 {[%clk 0:03:09]} Qc6
{[%clk 0:27:39]} 39. Qxc6 {[%clk 0:01:45]} Rxc6 {[%clk 0:28:05]} 40. Kf1 {[%clk
0:01:42]} Bf8 {[%clk 0:26:46]} 41. Rb3 {[%clk 0:29:08]} Rd8 {[%clk 0:56:11]}
42. Ke2 {[%clk 0:29:16]} Rc4 {[%clk 0:56:16]} 43. Rb2 {[%clk 0:21:32]} Rdc8
{[%clk 0:55:10]} 44. Rb3 {[%clk 0:21:52]} Bb4 {[%clk 0:54:41]} 45. Kd3 {[%clk
0:17:53]} Kg7 {[%clk 0:53:56]} 46. Ke2 {[%clk 0:07:33]} Kg6 {[%clk 0:51:30]}
47. f3 {[%clk 0:07:02]} Kf6 {[%clk 0:49:55]} 48. Kd3 {[%clk 0:06:22]} Ke6
{[%clk 0:49:08]} 49. Ke2 {[%clk 0:06:30]} Kd6 {[%clk 0:47:25]} 50. Kd3 {[%clk
0:06:30]} Kc5 {[%clk 0:47:29]} 51. Ke2 {[%clk 0:06:00]} Rd8 {[%clk 0:46:03]}
52. Rd3 {[%clk 0:04:50]} Rh8 {[%clk 0:46:14]} 53. e4 {[%clk 0:03:57]} Rh2+
{[%clk 0:46:08]} 54. Ke3 {[%clk 0:04:22]} Kb5 {[%clk 0:42:48]} 55. Rd5+ {[%clk
0:02:37]} Bc5+ {[%clk 0:42:23]} 56. Kd3 {[%clk 0:02:34]} Kb4 {[%clk 0:42:45]}
57. a3+ {[%clk 0:00:50]} Kb3 {[%clk 0:43:08]} 58. e5 {[%clk 0:01:18]} Rc3+
{[%clk 0:43:25]} 59. Ke4 {[%clk 0:01:42]} Kb2 {[%clk 0:43:21]} 60. Rf1 {[%clk
0:00:45]} Re3+ {[%clk 0:43:24]} 61. Kf4 {[%clk 0:00:59]} Rc3 {[%clk 0:41:20]}
62. Rd7 {[%clk 0:00:37]} Rf2 {[%clk 0:40:57]} 63. Rb7+ {[%clk 0:00:40]} Ka2
{[%clk 0:41:09]} 64. Rc1 {[%clk 0:00:32]} Rfxf3+ {[%clk 0:41:28]} 65. Kg4
{[%clk 0:00:34]} Rxg3+ {[%clk 0:41:48]} 66. Kf5 {[%clk 0:00:56]} Rg1 {[%clk
0:42:04]} 67. Rxc2+ {[%clk 0:00:31]} Rxc2 {[%clk 0:42:26]} 68. Kf6 {[%clk
0:00:40]} Rf2# {[%clk 0:42:36]} 0-1

[Event "DEM U14 2021"]
[Site "Willingen GER"]
[Date "2021.08.26"]
[Round "5"]
[White "Udelnov, Valentin"]
[Black "Nitsche, Nikolai"]
[Result "0-1"]
[Termination "normal"]
[Board "18"]
[WhiteElo "1728"]
[BlackElo "1835"]
[WhiteClock "00:22:35"]
[BlackClock "01:05:42"]
[PlyCount "87"]
[WhiteFideId "16265734"]
[BlackFideId "16221036"]
[EventCountry "GER"]
[EventRounds "9"]
[EventType "swiss"]
[EventDate "2021.08.22"]

1. e4 {[%clk 1:30:56]} e6 {[%clk 1:30:51]} 2. d4 {[%clk 1:31:15]} d5 {[%clk
1:31:15]} 3. Nd2 {[%clk 1:31:40]} c5 {[%clk 1:31:24]} 4. exd5 {[%clk 1:31:54]}
Qxd5 {[%clk 1:31:37]} 5. Ngf3 {[%clk 1:31:57]} cxd4 {[%clk 1:31:35]} 6. Bc4
{[%clk 1:32:21]} Qd7 {[%clk 1:31:50]} 7. O-O {[%clk 1:32:06]} Nc6 {[%clk
1:31:20]} 8. Nb3 {[%clk 1:32:23]} a6 {[%clk 1:30:58]} 9. a4 {[%clk 1:32:25]}
Nf6 {[%clk 1:31:09]} 10. Qe2 {[%clk 1:32:27]} Bd6 {[%clk 1:30:51]} 11. Rd1
{[%clk 1:31:26]} e5 {[%clk 1:29:20]} 12. Nbxd4 {[%clk 1:30:31]} Nxd4 {[%clk
1:29:37]} 13. Rxd4 {[%clk 1:30:34]} Qe7 {[%clk 1:29:28]} 14. Rh4 {[%clk
1:30:04]} O-O {[%clk 1:28:37]} 15. Bg5 {[%clk 1:27:19]} Bf5 {[%clk 1:26:38]}
16. Re1 {[%clk 1:25:21]} e4 {[%clk 1:21:10]} 17. Nd4 {[%clk 1:24:28]} Bg6
{[%clk 1:21:33]} 18. Bd5 {[%clk 1:19:12]} Qe5 {[%clk 1:21:08]} 19. Bxf6 {[%clk
0:57:33]} Qxd5 {[%clk 1:21:22]} 20. c4 {[%clk 0:57:11]} Qc5 {[%clk 1:20:55]}
21. b4 {[%clk 0:55:34]} Qa7 {[%clk 1:19:09]} 22. Bxg7 {[%clk 0:39:36]} Kxg7
{[%clk 1:18:52]} 23. Qd2 {[%clk 0:37:54]} Bxb4 {[%clk 1:13:02]} 24. Qh6+ {[%clk
0:36:00]} Kg8 {[%clk 1:03:47]} 25. Rexe4 {[%clk 0:34:47]} Rfe8 {[%clk 1:02:57]}
26. Nf5 {[%clk 0:25:04]} Bf8 {[%clk 1:02:33]} 27. Qg5 {[%clk 0:25:30]} Qb6
{[%clk 1:02:25]} 28. Qc1 {[%clk 0:20:05]} Rxe4 {[%clk 1:02:36]} 29. Rxe4 {[%clk
0:20:05]} Bxf5 {[%clk 1:02:55]} 30. Re5 {[%clk 0:19:48]} Bg6 {[%clk 1:02:38]}
31. a5 {[%clk 0:20:05]} Qc7 {[%clk 1:02:48]} 32. Rd5 {[%clk 0:19:30]} Rc8
{[%clk 1:01:46]} 33. c5 {[%clk 0:18:49]} Bxc5 {[%clk 1:01:55]} 34. Kh1 {[%clk
0:19:13]} Bxf2 {[%clk 1:02:27]} 35. Qf1 {[%clk 0:19:45]} Qc1 {[%clk 1:02:32]}
36. Rd1 {[%clk 0:20:10]} Qxd1 {[%clk 1:02:54]} 37. Qxd1 {[%clk 0:20:26]} Be3
{[%clk 1:03:23]} 38. h4 {[%clk 0:20:23]} Rc1 {[%clk 1:03:49]} 39. Qxc1 {[%clk
0:20:50]} Bxc1 {[%clk 1:04:17]} 40. Kh2 {[%clk 0:21:10]} Bd2 {[%clk 1:04:41]}
41. Kg3 {[%clk 0:21:22]} Bxa5 {[%clk 1:05:06]} 42. Kf4 {[%clk 0:21:44]} h5
{[%clk 1:05:28]} 43. g4 {[%clk 0:22:09]} hxg4 {[%clk 1:05:42]} 44. Kxg4 {[%clk
0:22:35]} 0-1

[Event "DEM U14 2021"]
[Site "Willingen GER"]
[Date "2021.08.26"]
[Round "5"]
[White "Sundui, Chinguun"]
[Black "Andrade, Ruben"]
[Result "1-0"]
[Termination "normal"]
[Board "19"]
[WhiteElo "1853"]
[BlackElo "1638"]
[WhiteClock "00:54:29"]
[BlackClock "00:00:36"]
[PlyCount "157"]
[WhiteFideId "4907930"]
[BlackFideId "16246829"]
[EventCountry "GER"]
[EventRounds "9"]
[EventType "swiss"]
[EventDate "2021.08.22"]

1. d4 {[%clk 1:30:57]} f5 {[%clk 1:30:55]} 2. Nc3 {[%clk 1:31:22]} Nf6 {[%clk
1:31:18]} 3. Bg5 {[%clk 1:31:45]} d5 {[%clk 1:31:37]} 4. Bxf6 {[%clk 1:31:39]}
exf6 {[%clk 1:32:02]} 5. e3 {[%clk 1:32:02]} Be7 {[%clk 1:31:42]} 6. Bd3 {[%clk
1:32:23]} Be6 {[%clk 1:31:20]} 7. Qf3 {[%clk 1:32:11]} g6 {[%clk 1:29:18]} 8.
h4 {[%clk 1:31:49]} Qd7 {[%clk 1:23:01]} 9. Nge2 {[%clk 1:30:49]} Nc6 {[%clk
1:13:18]} 10. Nf4 {[%clk 1:29:14]} O-O-O {[%clk 1:12:53]} 11. a3 {[%clk
1:29:12]} Bf7 {[%clk 1:06:59]} 12. O-O-O {[%clk 1:21:07]} a6 {[%clk 0:54:04]}
13. Rdg1 {[%clk 1:11:43]} Na7 {[%clk 0:44:35]} 14. h5 {[%clk 1:09:49]} Kb8
{[%clk 0:32:47]} 15. hxg6 {[%clk 1:08:15]} hxg6 {[%clk 0:33:10]} 16. Rxh8
{[%clk 1:07:45]} Rxh8 {[%clk 0:33:32]} 17. Nfxd5 {[%clk 1:07:49]} Bd8 {[%clk
0:30:13]} 18. g3 {[%clk 1:04:20]} c6 {[%clk 0:20:35]} 19. Nf4 {[%clk 1:03:05]}
Bc7 {[%clk 0:18:47]} 20. Rh1 {[%clk 1:02:04]} Qd8 {[%clk 0:16:06]} 21. Qg2
{[%clk 1:00:06]} Nc8 {[%clk 0:13:24]} 22. Rh2 {[%clk 0:59:07]} Nd6 {[%clk
0:12:06]} 23. Qh1 {[%clk 0:58:58]} Rxh2 {[%clk 0:12:23]} 24. Qxh2 {[%clk
0:59:21]} Qg8 {[%clk 0:07:01]} 25. Na4 {[%clk 0:56:03]} Ne4 {[%clk 0:05:55]}
26. Bxe4 {[%clk 0:55:17]} fxe4 {[%clk 0:06:21]} 27. Nc5 {[%clk 0:55:40]} f5
{[%clk 0:05:40]} 28. Qh6 {[%clk 0:51:48]} Kc8 {[%clk 0:01:23]} 29. g4 {[%clk
0:50:44]} Bd8 {[%clk 0:00:33]} 30. Qh3 {[%clk 0:49:17]} Kc7 {[%clk 0:00:36]}
31. Qg3 {[%clk 0:49:17]} Kc8 {[%clk 0:00:37]} 32. b3 {[%clk 0:48:28]} Bc7
{[%clk 0:00:34]} 33. Qh3 {[%clk 0:47:09]} Bxf4 {[%clk 0:00:39]} 34. exf4 {[%clk
0:47:32]} Be6 {[%clk 0:00:51]} 35. g5 {[%clk 0:47:39]} Bf7 {[%clk 0:00:42]} 36.
Kd2 {[%clk 0:47:06]} Kc7 {[%clk 0:00:58]} 37. f3 {[%clk 0:46:44]} exf3 {[%clk
0:01:04]} 38. Qxf3 {[%clk 0:47:07]} Qh7 {[%clk 0:01:03]} 39. Qe2 {[%clk
0:47:06]} Bg8 {[%clk 0:00:42]} 40. Qe5+ {[%clk 0:46:46]} Kc8 {[%clk 0:00:46]}
41. Qd6 {[%clk 0:44:43]} Qf7 {[%clk 0:27:40]} 42. Nd3 {[%clk 1:14:22]} Qh7
{[%clk 0:22:15]} 43. Qe5 {[%clk 1:09:57]} Bd5 {[%clk 0:20:43]} 44. Nc5 {[%clk
1:08:39]} Qh2+ {[%clk 0:07:05]} 45. Kc1 {[%clk 1:08:02]} Qh1+ {[%clk 0:06:42]}
46. Kb2 {[%clk 1:08:09]} Qh7 {[%clk 0:06:57]} 47. Qe8+ {[%clk 1:07:52]} Kc7
{[%clk 0:07:17]} 48. Ne6+ {[%clk 1:07:12]} Bxe6 {[%clk 0:03:09]} 49. Qxe6
{[%clk 1:07:37]} Kb8 {[%clk 0:01:50]} 50. Qe5+ {[%clk 1:07:35]} Ka8 {[%clk
0:01:48]} 51. a4 {[%clk 1:06:47]} b6 {[%clk 0:00:48]} 52. b4 {[%clk 1:06:58]}
Kb7 {[%clk 0:00:46]} 53. b5 {[%clk 1:06:53]} axb5 {[%clk 0:00:39]} 54. axb5
{[%clk 1:04:03]} cxb5 {[%clk 0:01:03]} 55. Qxb5 {[%clk 1:04:23]} Qe7 {[%clk
0:01:21]} 56. Qd5+ {[%clk 1:04:32]} Ka7 {[%clk 0:01:31]} 57. Qb5 {[%clk
1:01:12]} Qe4 {[%clk 0:01:23]} 58. Qe5 {[%clk 1:01:08]} Qc6 {[%clk 0:01:18]}
59. Kb3 {[%clk 0:58:32]} Qd7 {[%clk 0:00:42]} 60. c4 {[%clk 0:58:10]} Qh7
{[%clk 0:00:43]} 61. Qe3 {[%clk 0:58:03]} Qh1 {[%clk 0:00:45]} 62. d5 {[%clk
0:55:28]} Qb1+ {[%clk 0:00:49]} 63. Kc3 {[%clk 0:55:48]} Qa1+ {[%clk 0:01:13]}
64. Kd3 {[%clk 0:56:04]} Qd1+ {[%clk 0:01:13]} 65. Qd2 {[%clk 0:56:17]} Qf3+
{[%clk 0:00:39]} 66. Qe3 {[%clk 0:56:06]} Qf1+ {[%clk 0:00:51]} 67. Kd4 {[%clk
0:56:09]} Qa1+ {[%clk 0:00:34]} 68. Qc3 {[%clk 0:56:33]} Qh1 {[%clk 0:00:46]}
69. Qa3+ {[%clk 0:55:23]} Kb7 {[%clk 0:01:06]} 70. Qe7+ {[%clk 0:55:50]} Ka6
{[%clk 0:01:08]} 71. d6 {[%clk 0:55:24]} Qd1+ {[%clk 0:00:35]} 72. Ke5 {[%clk
0:55:32]} Qe2+ {[%clk 0:00:33]} 73. Kf6 {[%clk 0:55:43]} Qxc4 {[%clk 0:00:31]}
74. d7 {[%clk 0:55:59]} Qc3+ {[%clk 0:00:39]} 75. Qe5 {[%clk 0:55:08]} Qc6+
{[%clk 0:00:52]} 76. Ke7 {[%clk 0:55:29]} Qb7 {[%clk 0:00:37]} 77. Ke8 {[%clk
0:54:44]} Qc6 {[%clk 0:01:01]} 78. Qe7 {[%clk 0:54:25]} b5 {[%clk 0:00:36]} 79.
Kf8 {[%clk 0:54:29]} 1-0

[Event "DEM U14 2021"]
[Site "Willingen GER"]
[Date "2021.08.26"]
[Round "5"]
[White "Pick, Max"]
[Black "Kieselbach, Jannik"]
[Result "1-0"]
[Termination "normal"]
[Board "20"]
[WhiteElo "1794"]
[BlackElo "1462"]
[WhiteClock "00:05:09"]
[BlackClock "00:04:33"]
[PlyCount "43"]
[WhiteFideId "16210883"]
[BlackFideId "16246403"]
[EventCountry "GER"]
[EventRounds "9"]
[EventType "swiss"]
[EventDate "2021.08.22"]

1. d4 {[%clk 1:30:55]} d5 {[%clk 1:30:49]} 2. Nf3 {[%clk 1:31:16]} Nf6 {[%clk
1:30:54]} 3. Bg5 {[%clk 1:31:18]} e6 {[%clk 1:30:53]} 4. Nbd2 {[%clk 1:31:05]}
c6 {[%clk 1:29:25]} 5. c3 {[%clk 1:29:07]} Nbd7 {[%clk 1:29:11]} 6. e4 {[%clk
1:28:58]} dxe4 {[%clk 1:28:45]} 7. Nxe4 {[%clk 1:29:05]} Be7 {[%clk 1:28:44]}
8. Ng3 {[%clk 1:26:21]} O-O {[%clk 1:25:32]} 9. Bd3 {[%clk 1:25:49]} h6 {[%clk
1:16:39]} 10. h4 {[%clk 1:15:35]} c5 {[%clk 1:06:49]} 11. Qe2 {[%clk 0:58:16]}
cxd4 {[%clk 0:58:16]} 12. Nxd4 {[%clk 0:57:42]} Re8 {[%clk 0:44:36]} 13. O-O-O
{[%clk 0:51:29]} Qa5 {[%clk 0:39:59]} 14. Kb1 {[%clk 0:48:58]} a6 {[%clk
0:31:14]} 15. Bc2 {[%clk 0:24:15]} Qe5 {[%clk 0:16:58]} 16. Qd2 {[%clk
0:12:07]} Nh7 {[%clk 0:14:36]} 17. Bf4 {[%clk 0:08:26]} Qc5 {[%clk 0:12:49]}
18. b4 {[%clk 0:06:46]} Qa7 {[%clk 0:11:51]} 19. Bxh6 {[%clk 0:06:48]} Ne5
{[%clk 0:06:34]} 20. Bxg7 {[%clk 0:05:48]} Nc4 {[%clk 0:04:52]} 21. Bxh7+
{[%clk 0:04:49]} Kxh7 {[%clk 0:04:33]} 22. Qh6+ {[%clk 0:05:09]} 1-0

[Event "DEM U14 2021"]
[Site "Willingen GER"]
[Date "2021.08.26"]
[Round "5"]
[White "Lippitz, Jaden"]
[Black "Schott, Andy"]
[Result "0-1"]
[Termination "normal"]
[Board "22"]
[WhiteElo "1615"]
[BlackElo "1555"]
[WhiteClock "00:04:11"]
[BlackClock "00:05:02"]
[PlyCount "81"]
[WhiteFideId "34608893"]
[BlackFideId "16244940"]
[EventCountry "GER"]
[EventRounds "9"]
[EventType "swiss"]
[EventDate "2021.08.22"]

1. e4 {[%clk 1:30:58]} c5 {[%clk 1:30:45]} 2. Nc3 {[%clk 1:31:14]} d6 {[%clk
1:31:10]} 3. g3 {[%clk 1:31:06]} g6 {[%clk 1:31:35]} 4. Bg2 {[%clk 1:31:22]}
Bg7 {[%clk 1:32:01]} 5. Nge2 {[%clk 1:31:16]} Nc6 {[%clk 1:32:27]} 6. O-O
{[%clk 1:31:19]} e6 {[%clk 1:32:25]} 7. d3 {[%clk 1:31:12]} Nge7 {[%clk
1:32:46]} 8. Be3 {[%clk 1:30:40]} Nd4 {[%clk 1:33:02]} 9. f4 {[%clk 1:27:02]}
O-O {[%clk 1:33:17]} 10. Bf2 {[%clk 1:26:37]} Nec6 {[%clk 1:33:31]} 11. Nxd4
{[%clk 1:25:46]} Nxd4 {[%clk 1:33:59]} 12. Rb1 {[%clk 1:25:45]} Qa5 {[%clk
1:27:06]} 13. a3 {[%clk 1:22:58]} Rb8 {[%clk 1:22:20]} 14. h4 {[%clk 1:18:57]}
b5 {[%clk 1:11:18]} 15. g4 {[%clk 1:16:15]} f5 {[%clk 1:07:14]} 16. exf5 {[%clk
1:12:00]} exf5 {[%clk 1:05:50]} 17. g5 {[%clk 1:09:43]} Bb7 {[%clk 0:50:49]}
18. Bxb7 {[%clk 0:59:54]} Rxb7 {[%clk 0:51:09]} 19. Ne2 {[%clk 0:53:59]} Ne6
{[%clk 0:40:16]} 20. Be1 {[%clk 0:48:31]} b4 {[%clk 0:30:32]} 21. axb4 {[%clk
0:43:49]} cxb4 {[%clk 0:30:51]} 22. c3 {[%clk 0:35:51]} Qb6+ {[%clk 0:26:56]}
23. Bf2 {[%clk 0:34:27]} Qc7 {[%clk 0:27:01]} 24. Qb3 {[%clk 0:29:56]} Qf7
{[%clk 0:23:15]} 25. c4 {[%clk 0:24:00]} a5 {[%clk 0:17:24]} 26. Ra1 {[%clk
0:19:41]} Ra8 {[%clk 0:14:04]} 27. d4 {[%clk 0:18:44]} Kh8 {[%clk 0:11:48]} 28.
d5 {[%clk 0:17:27]} Nc5 {[%clk 0:11:40]} 29. Bxc5 {[%clk 0:17:01]} dxc5 {[%clk
0:12:09]} 30. Rfe1 {[%clk 0:16:40]} Qd7 {[%clk 0:11:56]} 31. Ra2 {[%clk
0:11:31]} a4 {[%clk 0:11:06]} 32. Qd1 {[%clk 0:09:36]} b3 {[%clk 0:10:31]} 33.
Ra1 {[%clk 0:09:47]} Bxb2 {[%clk 0:10:51]} 34. Rb1 {[%clk 0:08:39]} Bg7 {[%clk
0:07:45]} 35. Qd3 {[%clk 0:06:21]} a3 {[%clk 0:05:48]} 36. Rxb3 {[%clk
0:05:29]} Rxb3 {[%clk 0:06:06]} 37. Qxb3 {[%clk 0:05:56]} a2 {[%clk 0:06:15]}
38. Kg2 {[%clk 0:05:08]} a1=Q {[%clk 0:06:19]} 39. Rxa1 {[%clk 0:05:22]} Bxa1
{[%clk 0:06:39]} 40. Qb6 {[%clk 0:04:42]} Qe7 {[%clk 0:05:02]} 41. Ng3 {[%clk
0:04:11]} 0-1

[Event "DEM U14 2021"]
[Site "Willingen GER"]
[Date "2021.08.26"]
[Round "5"]
[White "Leubner, Paul Damdin"]
[Black "Pfeffer, Samuel"]
[Result "0-1"]
[Termination "normal"]
[Board "23"]
[WhiteElo "1407"]
[BlackElo "1487"]
[WhiteClock "00:01:22"]
[BlackClock "00:33:03"]
[PlyCount "110"]
[WhiteFideId "16265858"]
[BlackFideId "16249160"]
[EventCountry "GER"]
[EventRounds "9"]
[EventType "swiss"]
[EventDate "2021.08.22"]

1. e4 {[%clk 1:30:56]} e5 {[%clk 1:30:42]} 2. Nc3 {[%clk 1:31:09]} Nf6 {[%clk
1:30:26]} 3. d4 {[%clk 1:30:41]} exd4 {[%clk 1:30:13]} 4. Qxd4 {[%clk 1:31:01]}
Nc6 {[%clk 1:29:53]} 5. Qd3 {[%clk 1:30:25]} Bc5 {[%clk 1:28:40]} 6. Bf4 {[%clk
1:28:30]} d6 {[%clk 1:27:37]} 7. Qd2 {[%clk 1:21:56]} Be6 {[%clk 1:25:56]} 8.
O-O-O {[%clk 1:20:49]} a6 {[%clk 1:25:03]} 9. f3 {[%clk 1:12:04]} Qd7 {[%clk
1:16:23]} 10. Nd5 {[%clk 1:07:07]} Nh5 {[%clk 1:10:53]} 11. Be3 Bxe3 {[%clk
1:07:39]} 12. Qxe3 {[%clk 1:07:04]} O-O-O {[%clk 1:05:35]} 13. Bc4 {[%clk
0:58:11]} Ne5 {[%clk 1:02:55]} 14. Bb3 {[%clk 0:54:31]} Kb8 15. Ne2 {[%clk
0:49:01]} Bxd5 {[%clk 0:54:48]} 16. exd5 {[%clk 0:42:25]} f5 17. Qd2 {[%clk
0:34:15]} c5 {[%clk 0:47:44]} 18. dxc6 {[%clk 0:30:07]} Nxc6 {[%clk 0:45:24]}
19. Rhe1 {[%clk 0:27:48]} Rhe8 {[%clk 0:41:50]} 20. Nd4 {[%clk 0:25:08]} Rxe1
{[%clk 0:40:32]} 21. Rxe1 {[%clk 0:24:48]} Nxd4 {[%clk 0:39:45]} 22. Qxd4
{[%clk 0:24:40]} d5 {[%clk 0:37:44]} 23. Qe5+ {[%clk 0:17:31]} Ka8 {[%clk
0:35:22]} 24. Qe7 {[%clk 0:16:22]} Nf6 {[%clk 0:33:46]} 25. Qxd7 {[%clk
0:15:56]} Rxd7 {[%clk 0:34:03]} 26. Re5 {[%clk 0:15:17]} g6 {[%clk 0:31:05]}
27. Kd2 {[%clk 0:14:22]} Ka7 {[%clk 0:30:05]} 28. Ke3 {[%clk 0:13:27]} d4+
{[%clk 0:24:48]} 29. Kd3 {[%clk 0:12:22]} b6 {[%clk 0:22:18]} 30. a4 {[%clk
0:10:25]} Kb7 {[%clk 0:21:40]} 31. Bc4 {[%clk 0:09:10]} Kc7 {[%clk 0:15:53]}
32. Re6 {[%clk 0:06:17]} Nd5 {[%clk 0:14:07]} 33. Bxd5 {[%clk 0:04:57]} Rxd5
{[%clk 0:14:34]} 34. Re7+ {[%clk 0:05:12]} Kc6 {[%clk 0:14:04]} 35. b4 {[%clk
0:03:54]} a5 {[%clk 0:12:14]} 36. Re6+ {[%clk 0:02:34]} Kc7 {[%clk 0:12:00]}
37. b5 {[%clk 0:02:46]} Rd7 {[%clk 0:12:28]} 38. Kc4 {[%clk 0:02:49]} Kb7
{[%clk 0:12:56]} 39. g4 {[%clk 0:01:51]} Rc7+ {[%clk 0:12:03]} 40. Rc6 Rxc6+
{[%clk 0:10:26]} 41. bxc6+ {[%clk 0:29:49]} Kxc6 {[%clk 0:40:41]} 42. gxf5
{[%clk 0:28:33]} gxf5 {[%clk 0:40:49]} 43. f4 {[%clk 0:28:25]} b5+ 44. axb5+
{[%clk 0:21:43]} Kb6 {[%clk 0:36:23]} 45. Kxd4 {[%clk 0:17:39]} Kxb5 {[%clk
0:33:38]} 46. c4+ {[%clk 0:11:22]} Kc6 {[%clk 0:32:29]} 47. c5 {[%clk 0:04:01]}
a4 {[%clk 0:32:18]} 48. Kc4 {[%clk 0:04:03]} a3 {[%clk 0:32:37]} 49. Kb3 {[%clk
0:04:08]} Kxc5 {[%clk 0:32:39]} 50. Kxa3 {[%clk 0:04:31]} Kd4 {[%clk 0:32:31]}
51. Kb2 {[%clk 0:02:48]} Ke3 {[%clk 0:32:04]} 52. Kc3 {[%clk 0:01:53]} Kxf4
{[%clk 0:32:15]} 53. Kd4 {[%clk 0:01:22]} Kf3 {[%clk 0:32:32]} 54. Kd3 {[%clk
0:01:37]} f4 {[%clk 0:32:45]} 55. Kd2 {[%clk 0:01:22]} Kg2 {[%clk 0:33:03]} 0-1

[Event "DEM U14 2021"]
[Site "Willingen GER"]
[Date "2021.08.26"]
[Round "5"]
[White "Amrhein, Dennis"]
[Black "Poetzsch-Heffter, Frieder"]
[Result "1/2-1/2"]
[Termination "normal"]
[Board "24"]
[WhiteElo "1267"]
[BlackElo "1598"]
[WhiteClock "01:14:25"]
[BlackClock "00:15:07"]
[PlyCount "120"]
[WhiteFideId "16254570"]
[BlackFideId "34608842"]
[EventCountry "GER"]
[EventRounds "9"]
[EventType "swiss"]
[EventDate "2021.08.22"]

1. d4 {[%clk 1:30:57]} d5 {[%clk 1:30:50]} 2. Bf4 {[%clk 1:31:23]} Nf6 {[%clk
1:31:09]} 3. e3 {[%clk 1:31:43]} c5 {[%clk 1:31:07]} 4. c3 {[%clk 1:32:03]} Nc6
{[%clk 1:31:11]} 5. Nd2 {[%clk 1:32:09]} e6 {[%clk 1:31:15]} 6. Ngf3 {[%clk
1:32:26]} Bd6 {[%clk 1:31:18]} 7. Bg3 {[%clk 1:32:38]} O-O {[%clk 1:31:10]} 8.
Bd3 {[%clk 1:32:53]} Re8 {[%clk 1:30:34]} 9. O-O {[%clk 1:30:24]} e5 {[%clk
1:29:33]} 10. dxe5 {[%clk 1:28:40]} Nxe5 {[%clk 1:29:36]} 11. Nxe5 {[%clk
1:28:42]} Bxe5 {[%clk 1:29:30]} 12. Bxe5 {[%clk 1:28:57]} Rxe5 {[%clk 1:29:29]}
13. Nf3 {[%clk 1:28:57]} Rh5 {[%clk 1:27:41]} 14. c4 {[%clk 1:26:41]} b6 {[%clk
1:24:17]} 15. Qd2 {[%clk 1:20:19]} Bg4 {[%clk 1:19:38]} 16. Qe2 {[%clk
1:15:56]} Qd7 {[%clk 0:58:16]} 17. Rad1 {[%clk 1:13:01]} Re8 {[%clk 0:50:09]}
18. cxd5 {[%clk 1:11:03]} Rh6 {[%clk 0:34:29]} 19. e4 {[%clk 1:02:45]} Nxe4
{[%clk 0:15:36]} 20. Bb5 {[%clk 0:53:22]} Bxf3 {[%clk 0:14:25]} 21. Bxd7 {[%clk
0:53:15]} Bxe2 {[%clk 0:14:24]} 22. Bxe8 {[%clk 0:53:36]} Bxf1 {[%clk 0:14:00]}
23. Rxf1 {[%clk 0:53:49]} Kf8 {[%clk 0:13:06]} 24. Bc6 {[%clk 0:54:04]} Rd6
{[%clk 0:12:57]} 25. Re1 {[%clk 0:54:10]} Nf6 {[%clk 0:12:51]} 26. Re5 {[%clk
0:53:51]} Nd7 {[%clk 0:07:56]} 27. Re3 {[%clk 0:52:37]} f6 {[%clk 0:06:02]} 28.
Kf1 {[%clk 0:51:13]} Ne5 {[%clk 0:05:12]} 29. Ra3 {[%clk 0:49:52]} Nxc6 {[%clk
0:02:02]} 30. dxc6 {[%clk 0:50:16]} Rxc6 {[%clk 0:02:00]} 31. Rxa7 {[%clk
0:50:39]} b5 {[%clk 0:02:13]} 32. Ke2 {[%clk 0:50:45]} c4 {[%clk 0:01:32]} 33.
Rb7 {[%clk 0:50:36]} Re6+ {[%clk 0:01:24]} 34. Kd2 {[%clk 0:50:30]} Re5 {[%clk
0:01:43]} 35. f4 {[%clk 0:48:55]} Rd5+ {[%clk 0:01:26]} 36. Kc3 {[%clk
0:47:57]} Rd3+ {[%clk 0:01:42]} 37. Kc2 {[%clk 0:47:24]} Rd5 {[%clk 0:01:53]}
38. g3 {[%clk 0:47:42]} Rh5 {[%clk 0:01:33]} 39. h4 {[%clk 0:47:10]} Rd5 {[%clk
0:01:50]} 40. g4 {[%clk 0:44:54]} Rd4 {[%clk 0:01:30]} 41. Rxb5 {[%clk
0:43:46]} Rxf4 {[%clk 0:01:05]} 42. g5 {[%clk 0:44:04]} fxg5 {[%clk 0:29:45]}
43. hxg5 {[%clk 1:14:01]} Kf7 {[%clk 0:28:32]} 44. Kc3 {[%clk 1:13:13]} Kg6
{[%clk 0:27:01]} 45. a4 {[%clk 1:13:25]} h5 {[%clk 0:21:55]} 46. gxh6 {[%clk
1:13:35]} gxh6 {[%clk 0:22:16]} 47. a5 {[%clk 1:13:55]} h5 {[%clk 0:22:11]} 48.
a6 {[%clk 1:13:52]} Rf8 {[%clk 0:21:11]} 49. a7 {[%clk 1:13:56]} Ra8 {[%clk
0:20:57]} 50. Rb7 {[%clk 1:14:17]} h4 {[%clk 0:20:45]} 51. Rb6+ {[%clk
1:13:56]} Kg5 {[%clk 0:20:10]} 52. Ra6 {[%clk 1:14:15]} h3 {[%clk 0:19:24]} 53.
Kxc4 {[%clk 1:13:36]} h2 {[%clk 0:19:01]} 54. Ra1 {[%clk 1:13:32]} Rxa7 {[%clk
0:18:19]} 55. Rh1 {[%clk 1:13:05]} Rh7 {[%clk 0:16:25]} 56. b4 {[%clk 1:13:13]}
Kg4 {[%clk 0:16:11]} 57. b5 {[%clk 1:13:30]} Kg3 {[%clk 0:15:57]} 58. b6 {[%clk
1:13:51]} Kg2 59. Rxh2+ {[%clk 1:14:09]} Kxh2 {[%clk 0:14:59]} 60. Kc5 {[%clk
1:14:25]} Kg3 {[%clk 0:15:07]} 1/2-1/2